Lenin : (Record no. 24072)
[ view plain ]
| 000 -LEADER | |
|---|---|
| fixed length control field | 01058nam a2200313 a 4500 |
| 001 - CONTROL NUMBER | |
| control field | 24072 |
| 003 - CONTROL NUMBER IDENTIFIER | |
| rucl marc code | BD-RjUL |
| 005 - DATE AND TIME OF LATEST TRANSACTION | |
| control field | 20211209001015.0 |
| 008 - FIXED-LENGTH DATA ELEMENTS--GENERAL INFORMATION | |
| fixed length control field | 880808s1966 enk b 001 0beng |
| 035 ## - SYSTEM CONTROL NUMBER | |
| System control number | (BD-RjUL)24138 |
| 040 ## - CATALOGING SOURCE | |
| Original cataloging agency | DLC |
| Transcribing agency | DLC |
| Modifying agency | EQO |
| -- | BD-RjUL |
| Language of cataloging | eng |
| 041 ## - LANGUAGE CODE | |
| Language code of text/sound track or separate title | eng |
| 082 ## - DEWEY DECIMAL CLASSIFICATION NUMBER | |
| Classification number | 923.2 |
| Author mark and year | SHL |
| 100 1# - MAIN ENTRY--PERSONAL NAME | |
| Personal name | Shub, David, |
| Dates associated with a name | 1887-1973. |
| 9 (RLIN) | 74157 |
| 245 10 - TITLE STATEMENT | |
| Title | Lenin : |
| Remainder of title | a biography / |
| Statement of responsibility, etc. | David Shub. |
| 250 ## - EDITION STATEMENT | |
| Edition statement | Rev. ed. |
| 260 ## - PUBLICATION, DISTRIBUTION, ETC. (IMPRINT) | |
| Place of publication, distribution, etc. | Harmondsworth : |
| Name of publisher, distributor, etc. | Penguin Books, |
| Date of publication, distribution, etc. | 1966. |
| 300 ## - PHYSICAL DESCRIPTION | |
| Pagination | 496 p. ; |
| Size | 19 cm |
| 490 1# - SERIES STATEMENT | |
| Series statement | Political leaders of the twentieth century |
| Series statement | Pelican book ; |
| Volume/sequential designation | A809 |
| 500 ## - GENERAL NOTE | |
| General note | First published by Doubleday, 1948. |
| 504 ## - BIBLIOGRAPHY, ETC. NOTE | |
| Bibliography, etc | Includes bibliographical references (p. [452]-478) and index. |
| 600 10 - SUBJECT ADDED ENTRY--PERSONAL NAME | |
| Personal name | Lenin, Vladimir Ilʹich, |
| Dates associated with a name | 1870-1924. |
| 650 #0 - SUBJECT ADDED ENTRY--TOPICAL TERM | |
| Topical term or geographic name as entry element | Heads of state |
| Geographic subdivision | Soviet Union |
| General subdivision | Biography. |
| 9 (RLIN) | 9865 |
| 651 #0 - SUBJECT ADDED ENTRY--GEOGRAPHIC NAME | |
| Geographic name | Soviet Union |
| General subdivision | Politics and government |
| Chronological subdivision | 1917-1936. |
| 9 (RLIN) | 74159 |
| 830 #0 - SERIES ADDED ENTRY--UNIFORM TITLE | |
| Uniform title | Political leaders of the twentieth century |
| 942 ## - ADDED ENTRY ELEMENTS (KOHA) | |
| Source of classification or shelving scheme | Dewey Decimal Classification |
| Koha item type | Books |
| Lost status | Source of classification or shelving scheme | Damaged status | Not for loan | Collection code | Permanent Location | Current Location | Shelving location | Date acquired | Source of acquisition | Cost, normal purchase price | Total Checkouts | Full call number | Date last seen | Copy number | Koha item type |
|---|---|---|---|---|---|---|---|---|---|---|---|---|---|---|---|
| Dewey Decimal Classification | Added to bundle | Non-fiction | Central Library, University of Rajshahi | Central Library, University of Rajshahi | Reading Room | 01/08/1991 | Shawket Osman | 0.00 | 923.2 SHL 1966 | 12/03/2014 | C-1 | Books |